[Event "49th Capablanca Mem Open I 2014"]
[Site "Havana CUB"]
[Date "2014.05.12"]
[Round "5.18"]
[White "Fargere, Francois"]
[Black "Barros Rivadeneira, Cristhian"]
[Result "1/2-1/2"]
[WhiteTitle "GM"]
[BlackTitle "IM"]
[WhiteElo "2407"]
[BlackElo "2273"]
[WhiteFideId "615935"]
[BlackFideId "3609677"]
[EventDate "2014.04.08"]

1. e4 c5 2. Nf3 Nc6 3. Bb5 g6 4. Bxc6 dxc6 5. d3 Bg7 6. h3 Nf6 7. Nc3 Nd7 8. Be3
e5 9. Qd2 h6 10. O-O Qe7 11. Nh2 Nf8 12. f4 exf4 13. Bxf4 Ne6 14. Bg3 Nd4 15.
Rae1 h5 16. e5 Bf5 17. Nf3 O-O-O 18. Ne4 Bxe4 19. Rxe4 Nf5 20. Bf2 b6 21. a3 f6
22. e6 Nd6 23. Re2 Nc4 24. Qc3 Ne5 25. Bg3 Rhf8 26. Nxe5 fxe5 27. Rxf8 Rxf8 28.
Bxe5 Qxe6 29. Re4 Bxe5 30. Rxe5 Qf7 31. Qe1 Kd7 32. Kh2 Qf4+ 33. Qg3 Kd6 34. Re4
Qxg3+ 35. Kxg3 a5 36. Rf4 Re8 37. Rf2 g5 38. h4 Re3+ 39. Kh2 gxh4 40. Kg1 h3 41.
gxh3 1/2-1/2

[Event "49th Capablanca Mem Open I 2014"]
[Site "Havana CUB"]
[Date "2014.05.12"]
[Round "5.19"]
[White "Sanchez Enriquez, Oscar Gerardo"]
[Black "Martin Gonzalez, Orlando Jose"]
[Result "1-0"]
[WhiteTitle "FM"]
[WhiteElo "2405"]
[BlackElo "2298"]
[WhiteFideId "5106311"]
[BlackFideId "3501370"]
[EventDate "2014.04.08"]

1. d4 g6 2. e4 Bg7 3. Nc3 d6 4. Bg5 a6 5. Qd2 Nd7 6. O-O-O c5 7. Nf3 b5 8. dxc5
Nxc5 9. e5 b4 10. Nd5 Ne4 11. Qf4 Nxg5 12. Nxg5 f6 13. exf6 Nxf6 14. Bc4 Bf5 15.
Rhe1 e5 16. Rxe5+ dxe5 17. Qxe5+ Kf8 18. Nc7 Qe7 19. Nge6+ Bxe6 20. Nxe6+ Ke8 1-0

[Event "49th Capablanca Mem Open I 2014"]
[Site "Havana CUB"]
[Date "2014.05.12"]
[Round "5.20"]
[White "Gutierrez Delgado, Yusuan A."]
[Black "Obregon, Andres Carlos"]
[Result "0-1"]
[WhiteTitle "FM"]
[BlackTitle "IM"]
[WhiteElo "2307"]
[BlackElo "2498"]
[WhiteFideId "3508005"]
[BlackFideId "111724"]
[EventDate "2014.04.08"]

1. e4 c5 2. Nf3 e6 3. d4 cxd4 4. Nxd4 Nc6 5. Nc3 Qc7 6. Be3 a6 7. Qd2 Nf6 8. f3
Be7 9. g4 O-O 10. O-O-O b5 11. g5 Nh5 12. Kb1 Rb8 13. Bd3 Nxd4 14. Bxd4 Nf4 15.
Rhg1 Bb7 16. Rg4 Nxd3 17. Qxd3 b4 18. Ne2 e5 19. Be3 d5 20. Ng3 Rfd8 21. Qe2 g6
22. exd5 Bxd5 23. Ne4 Qc6 24. Bc1 Rd7 25. b3 Rbd8 26. Re1 a5 27. Rgg1 a4 28.
Nf6+ Bxf6 29. gxf6 axb3 30. axb3 Rc8 31. Rgf1 Be6 32. Bb2 Bf5 33. Rf2 Rdc7 34.
Rc1 Qb6 35. Qe1 Rc3 36. Rd2 Qa5 37. f4 Ra8 38. Rcd1 Rxb3 0-1

[Event "49th Capablanca Mem Open I 2014"]
[Site "Havana CUB"]
[Date "2014.05.12"]
[Round "5.21"]
[White "Olivares Canelles, Francisco"]
[Black "Alvarez Pedraza, Aramis"]
[Result "1/2-1/2"]
[WhiteTitle "FM"]
[BlackTitle "GM"]
[WhiteElo "2305"]
[BlackElo "2486"]
[WhiteFideId "3504590"]
[BlackFideId "3507408"]
[EventDate "2014.04.08"]

1. d4 e6 2. c4 b6 3. Nc3 Bb7 4. e3 f5 5. f3 Nf6 6. Bd3 g6 7. Nge2 Bg7 8. O-O O-O
9. e4 fxe4 10. fxe4 c5 11. Bg5 cxd4 12. Nxd4 Nc6 13. Nxc6 dxc6 14. Qe2 c5 15.
Rad1 Qd4+ 16. Kh1 Qe5 17. Bf4 Qh5 18. Bd6 Ng4 19. h3 Rxf1+ 20. Rxf1 Rd8 21. Bf4
Nf6 22. Qe3 e5 23. Bh2 Bh6 24. Qf3 Bg7 25. Nd5 Qxf3 26. Rxf3 Bxd5 27. cxd5 Ne8
28. Kg1 Nd6 29. Kf1 c4 30. Bb1 Rc8 31. a4 a6 32. Bg1 b5 33. axb5 axb5 34. Ra3
Bf8 35. Bh2 b4 36. Ra6 c3 37. bxc3 Rxc3 38. Ke2 Rb3 39. Bd3 Nb7 40. Rc6 Nc5 41.
Bb5 Rb2+ 42. Kf3 Rb3+ 43. Ke2 Rb2+ 1/2-1/2

[Event "49th Capablanca Mem Open I 2014"]
[Site "Havana CUB"]
[Date "2014.05.12"]
[Round "5.22"]
[White "Larrua Gonzalez, Fernando Oscar"]
[Black "Pozo Vera, Sandro"]
[Result "1/2-1/2"]
[WhiteTitle "FM"]
[BlackTitle "GM"]
[WhiteElo "2298"]
[BlackElo "2452"]
[WhiteFideId "3510662"]
[BlackFideId "3507203"]
[EventDate "2014.04.08"]

1. e4 e6 2. d4 d5 3. exd5 exd5 4. Nf3 Nf6 5. Bd3 c5 6. O-O Nc6 7. Re1+ Be7 8.
Bg5 O-O 9. dxc5 Bxc5 10. c3 h6 11. Be3 Bxe3 12. Rxe3 Bg4 13. Nbd2 Qc7 14. Qa4
Rfe8 1/2-1/2

[Event "49th Capablanca Mem Open I 2014"]
[Site "Havana CUB"]
[Date "2014.05.12"]
[Round "5.23"]
[White "Yanes Canizares, Alejandro"]
[Black "Fernandez Cardoso, Alexey"]
[Result "1/2-1/2"]
[WhiteTitle "FM"]
[BlackTitle "IM"]
[WhiteElo "2305"]
[BlackElo "2450"]
[WhiteFideId "3506134"]
[BlackFideId "3504379"]
[EventDate "2014.04.08"]

1. d4 d5 2. Nf3 Nf6 3. c4 c6 4. Nc3 e6 5. e3 Bd6 6. Bd3 O-O 7. O-O Nbd7 8. e4
dxc4 9. Bxc4 b5 10. Bd3 e5 11. h3 Bb7 12. a3 Re8 13. Be3 a6 14. Rc1 exd4 15.
Nxd4 Nc5 16. Bb1 g6 17. b4 Ncxe4 18. Nxe4 Nxe4 19. Nxc6 Qd7 20. Bf4 Qe6 21. Bxd6
Nxd6 22. Na5 Be4 23. Bxe4 Nxe4 24. Rc6 Qa2 25. Qc1 Rad8 26. Rc2 Qd5 27. Nc6 Rd6
28. Re1 Ree6 29. Na5 h5 30. Qb2 Rd8 31. Rce2 Ng5 32. Nb3 Rxe2 33. Rxe2 Qd1+ 34.
Kh2 Ne6 35. Nc5 Qd6+ 36. Qe5 Nxc5 37. Qxd6 Rxd6 38. bxc5 Rc6 39. Rc2 Kf8 40. Kg3
Ke7 41. Kf4 Kd7 42. Ke5 Re6+ 43. Kd5 Re1 44. Rc3 Rd1+ 45. Ke5 Kc6 46. g4 hxg4
47. hxg4 Rd6 48. f4 a5 49. f5 gxf5 50. gxf5 b4 51. axb4 axb4 52. Rc1 Rd2 53. Kf6
Rf2 54. Rc4 b3 55. Rb4 b2 56. Kg7 Kxc5 57. Rb8 Rxf5 58. Rxb2 Kd4 59. Rb7 f6 60.
Rb6 Ke5 61. Kf7 Rf1 62. Re6+ Kd5 63. Rxf6 Rxf6+ 64. Kxf6 1/2-1/2

[Event "49th Capablanca Mem Open I 2014"]
[Site "Havana CUB"]
[Date "2014.05.12"]
[Round "5.24"]
[White "Georgiadis, Nico"]
[Black "Estrada Nieto, Julian"]
[Result "1/2-1/2"]
[WhiteTitle "IM"]
[BlackTitle "IM"]
[WhiteElo "2446"]
[BlackElo "2288"]
[WhiteFideId "1300113"]
[BlackFideId "5101018"]
[EventDate "2014.04.08"]

1. e4 e5 2. Nf3 Nc6 3. Bb5 a6 4. Ba4 Nf6 5. O-O Be7 6. Re1 b5 7. Bb3 d6 8. c3
O-O 9. d4 Bg4 10. Be3 exd4 11. cxd4 Na5 12. Bc2 c5 13. dxc5 dxc5 14. Nbd2 Nd7
15. Bf4 c4 16. h3 Bh5 17. e5 Nc5 18. Ne4 Bg6 19. Bd2 Nab7 20. b3 cxb3 21. axb3
a5 1/2-1/2

[Event "49th Capablanca Mem Open I 2014"]
[Site "Havana CUB"]
[Date "2014.05.12"]
[Round "5.25"]
[White "Rasmussen, Karsten"]
[Black "Hernandez Fernandez, Ramon A."]
[Result "1/2-1/2"]
[WhiteTitle "IM"]
[BlackTitle "FM"]
[WhiteElo "2430"]
[BlackElo "2293"]
[WhiteFideId "1400088"]
[BlackFideId "3503909"]
[EventDate "2014.04.08"]

1. g3 Nf6 2. Bg2 g6 3. d4 Bg7 4. e4 d6 5. Ne2 O-O 6. O-O e5 7. c4 Nc6 8. d5 Ne7
9. Nbc3 Nd7 10. Be3 f5 11. Qd2 Nf6 12. f3 Bd7 13. Rae1 Kh8 14. h3 fxe4 15. fxe4
h5 16. c5 Neg8 17. Kh2 Kh7 18. Ng1 Bh6 19. cxd6 cxd6 20. Nf3 Qe7 21. a4 Rac8 22.
Ng5+ Kg7 23. Kh1 a6 24. Rd1 Bxg5 25. Bxg5 Qd8 26. Rf2 Qb6 27. Rdf1 Nh7 28. Rxf8
Rxf8 29. Rxf8 Nxf8 30. Qc2 Nf6 31. Nd1 N8h7 32. Bd2 Qd4 33. b3 Kf7 34. Bc3 Qc5
35. Qf2 Qa3 36. Qb2 Qc5 37. Bd2 Ke7 38. Kh2 Kf7 39. Be3 Qa5 40. Qc2 Ne8 41. Nb2
b5 42. Qf2+ Nhf6 43. Qd2 Qxd2 44. Bxd2 bxa4 45. bxa4 Bc8 46. Nc4 Nd7 47. Bb4 Ke7
48. Kg1 g5 49. a5 Bb7 50. Kf2 Bc8 51. Ke3 Bb7 52. Bf3 g4 53. hxg4 hxg4 54. Bxg4
Ndf6 55. Bf3 Kd7 56. Nb6+ Ke7 57. Bd1 Nc7 58. g4 Bxd5 59. Nc8+ Kd7 60. Nxd6 Bxe4
61. Nxe4 Nfd5+ 62. Kd3 Nxb4+ 63. Kc4 Nbd5 64. Ba4+ Ke6 65. Nc5+ Kd6 66. Ne4+ Ke6
67. Kc5 Nf6 68. Nxf6 Kxf6 69. Bd1 e4 70. Be2 Ke5 71. Kc6 Nd5 72. Bc4 Nb4+ 73.
Kc5 Nd3+ 74. Kb6 Kd4 75. Bb3 Nf2 76. g5 e3 77. g6 e2 78. g7 e1=Q 79. g8=Q Qb4+
80. Kxa6 Qd6+ 81. Kb5 Qc5+ 82. Ka6 Qc6+ 83. Ka7 Qc7+ 1/2-1/2

[Event "49th Capablanca Mem Open I 2014"]
[Site "Havana CUB"]
[Date "2014.05.12"]
[Round "5.26"]
[White "Fernandez Guillen, Ernesto J."]
[Black "Alarcon Casellas, Rolando"]
[Result "1/2-1/2"]
[WhiteTitle "FM"]
[BlackTitle "IM"]
[WhiteElo "2292"]
[BlackElo "2394"]
[WhiteFideId "3512428"]
[BlackFideId "3507610"]
[EventDate "2014.04.08"]

1. e4 e6 2. d4 d5 3. Nc3 Bb4 4. Ne2 Nf6 5. e5 Nfd7 6. Qd3 c5 7. Qg3 Kf8 8. a3
Bxc3+ 9. Qxc3 Nc6 10. dxc5 Ndxe5 11. Bf4 f6 12. Bxe5 Nxe5 13. O-O-O Bd7 14. f4
Ng4 15. Qf3 f5 1/2-1/2

[Event "49th Capablanca Mem Open I 2014"]
[Site "Havana CUB"]
[Date "2014.05.12"]
[Round "5.28"]
[White "Hernandez Gonzalez, William"]
[Black "Diaz Perez, Michel Alejandro"]
[Result "1/2-1/2"]
[WhiteTitle "FM"]
[BlackTitle "FM"]
[WhiteElo "2356"]
[BlackElo "2250"]
[WhiteFideId "3509915"]
[BlackFideId "3517179"]
[EventDate "2014.04.08"]

1. e4 c5 2. Nf3 d6 3. d4 cxd4 4. Nxd4 Nf6 5. Nc3 a6 6. Bg5 e6 7. f4 h6 8. Bh4
Qb6 9. Qd2 Qxb2 10. Rb1 Qa3 11. f5 Be7 12. Bf2 Nc6 1/2-1/2

[Event "49th Capablanca Mem Open I 2014"]
[Site "Havana CUB"]
[Date "2014.05.12"]
[Round "5.30"]
[White "Hernandez Marquez, Noel"]
[Black "Albornoz Cabrera, Carlos Daniel"]
[Result "1-0"]
[WhiteTitle "FM"]
[WhiteElo "2353"]
[BlackElo "2194"]
[WhiteFideId "3506991"]
[BlackFideId "3518736"]
[EventDate "2014.04.08"]

1. d4 Nf6 2. Nf3 g6 3. Nbd2 Bg7 4. e4 d6 5. Bd3 O-O 6. O-O Nc6 7. c3 e5 8. Nb3
Ne8 9. h3 a5 10. a4 Ne7 11. Bc4 exd4 12. Nbxd4 d5 13. exd5 Nxd5 14. Re1 Nb6 15.
Bb3 Nd6 16. Bf4 Bd7 17. Ne5 Be8 18. Ndf3 Kh8 19. Ng5 Qf6 20. Qf3 h6 21. Ne4 Nxe4
22. Qxe4 Ra7 23. Ng4 Qh4 24. Bxc7 f5 25. Qxe8 fxg4 26. Bxb6 Ra6 27. Qxg6 g3 28.
fxg3 1-0

[Event "49th Capablanca Mem Open I 2014"]
[Site "Havana CUB"]
[Date "2014.05.12"]
[Round "5.31"]
[White "Vitier Vazquez, Cristian"]
[Black "Mendez Fortes, Eduardo Jesus"]
[Result "1-0"]
[WhiteTitle "FM"]
[BlackTitle "FM"]
[WhiteElo "2288"]
[BlackElo "2347"]
[WhiteFideId "3513157"]
[BlackFideId "3502376"]
[EventDate "2014.04.08"]

1. Nf3 Nf6 2. c4 e6 3. d4 d5 4. Nc3 Be7 5. Bf4 O-O 6. e3 c6 7. Bd3 dxc4 8. Bxc4
c5 9. O-O cxd4 10. Nxd4 Nbd7 11. Bg3 Nb6 12. Bb3 Nbd5 13. Nxd5 Nxd5 14. Qf3 Bd6
15. Bxd5 exd5 16. Bxd6 Qxd6 17. Rac1 Be6 18. Qe2 a6 19. Rfd1 Rac8 20. Rxc8 Rxc8
21. h3 h6 22. Qd2 Kh8 23. Ne2 Qe5 24. Nc3 Qg5 25. Kh2 Qe5+ 26. f4 Qb8 27. Qe2
Rd8 28. Qf3 Qc8 29. Rd4 f5 30. Qd1 Qc5 31. Qd2 Bf7 32. Rd3 Qc4 33. a3 Qc5 34.
Ne2 Qe7 35. Nd4 Qf6 36. Rc3 Bg8 37. Rc7 Qb6 38. Qc3 Qg6 39. Rxb7 Bf7 40. Qc7 Rf8
41. Nc6 Qf6 42. Ne5 Be8 43. Qc5 Rg8 44. Qxd5 Qh4 45. Qe6 Qd8 46. Qxf5 1-0

[Event "49th Capablanca Mem Open I 2014"]
[Site "Havana CUB"]
[Date "2014.05.12"]
[Round "5.32"]
[White "Gomez Sanchez, Jorge Marcos"]
[Black "Marrero Lopez, Yaniet"]
[Result "1/2-1/2"]
[BlackTitle "WGM"]
[WhiteElo "2248"]
[BlackElo "2340"]
[WhiteFideId "3506649"]
[BlackFideId "3503950"]
[EventDate "2014.04.08"]

1. e4 c5 2. Nc3 Nc6 3. Bb5 Nd4 4. Nf3 a6 5. Bd3 Nc6 6. O-O g6 7. Re1 Bg7 8. e5
f6 9. Bc4 fxe5 10. Bd5 d6 11. Ng5 Nh6 12. Be6 Nd4 13. Bxc8 Qxc8 14. Nce4 d5 15.
c3 Ndf5 16. Ng3 O-O 17. d3 Nxg3 18. hxg3 Qf5 19. Qf3 Qd7 20. Qe2 b5 21. Bd2 Rab8
22. Rad1 Rb7 23. Bc1 b4 24. f3 Nf5 25. g4 Nd6 26. c4 e6 27. b3 h6 28. Nh3 a5 29.
Be3 Rc7 30. Rc1 Rfc8 31. Bf2 a4 32. Bg3 axb3 33. axb3 Nf7 34. f4 exf4 35. Nxf4
Be5 36. d4 Bxd4+ 37. Kh1 Ng5 38. Qd3 Ne4 39. Nxg6 Qg7 40. Rxe4 dxe4 41. Qxe4 e5
42. Rf1 Rf7 43. Rxf7 Qxf7 44. Kh2 Re8 45. Nh4 Qe6 46. Nf5 Rf8 47. Bh4 Rf7 48.
Be1 h5 49. Bd2 Rf8 50. Bh6 Rxf5 51. gxf5 Qxh6 52. Qd5+ Kh8 53. Qd8+ Kh7 54. Qe7+
Kg8 55. f6 Qf4+ 56. g3 Qf2+ 57. Kh3 Qf1+ 58. Kh4 Qh1+ 59. Kg5 Be3+ 60. Kf5 Qf3+
61. Ke6 Qg4+ 62. Kd5 Qf3+ 63. Kd6 Bh6 64. Qe6+ 1/2-1/2

[Event "49th Capablanca Mem Open I 2014"]
[Site "Havana CUB"]
[Date "2014.05.12"]
[Round "5.35"]
[White "Bueno Perez, Lazaro Antonio"]
[Black "Alonso Bouza, Julio Javier"]
[Result "0-1"]
[WhiteTitle "IM"]
[BlackTitle "FM"]
[WhiteElo "2225"]
[BlackElo "2327"]
[WhiteFideId "3500691"]
[BlackFideId "3508889"]
[EventDate "2014.04.08"]

1. d4 Nf6 2. Nf3 c5 3. e3 g6 4. b3 Bg7 5. Bb2 O-O 6. Bd3 d6 7. O-O Nbd7 8. Nbd2
b6 9. c4 cxd4 10. exd4 Bb7 11. Re1 Re8 12. Qc2 e5 13. dxe5 dxe5 14. Nxe5 Nxe5
15. Rxe5 Qd6 16. Rae1 Red8 17. Qc3 Nh5 18. c5 Qxd3 19. Re8+ Rxe8 20. Rxe8+ Rxe8
21. Qxd3 Nf4 22. Qb1 Bxb2 23. h4 Bd4 24. cxb6 Re2 25. Nf3 Bxf2+ 26. Kh2 Bxb6 0-1

[Event "49th Capablanca Mem Open I 2014"]
[Site "Havana CUB"]
[Date "2014.05.12"]
[Round "5.37"]
[White "Calvo Quinteiro, Jose Manuel"]
[Black "Fernandez Rivero, Karla July"]
[Result "1-0"]
[WhiteTitle "FM"]
[BlackTitle "WFM"]
[WhiteElo "2308"]
[BlackElo "2120"]
[WhiteFideId "3505154"]
[BlackFideId "3517489"]
[EventDate "2014.04.08"]

1. e4 e5 2. Nf3 Nc6 3. Bb5 a6 4. Ba4 Nf6 5. O-O Be7 6. Re1 b5 7. Bb3 d6 8. a4 b4
9. d3 Na5 10. Ba2 c5 11. Nbd2 O-O 12. Nf1 Qc7 13. Bg5 Be6 14. Bxf6 Bxf6 15. Ne3
Bxa2 16. Rxa2 Nc6 17. Nd5 Qd8 18. Nd2 Bg5 19. Nc4 a5 20. Qg4 Nd4 21. b3 f5 22.
Qd1 Bh4 23. Rf1 Ra7 24. c3 bxc3 25. Nxc3 Rb7 26. Rb2 f4 27. Qg4 f3 28. g3 Bf6
29. Nb5 Nxb5 30. axb5 d5 31. Nd2 dxe4 32. Qxe4 Qd7 33. Nxf3 Rxb5 34. Qc4+ Kh8
35. Re2 Rfb8 36. Nxe5 Bxe5 37. Rxe5 Rxb3 38. Rxc5 R3b4 39. Qc3 a4 40. Rc7 Rb3
41. Qxb3 Qxc7 42. Qxa4 Qd6 43. Re1 Qd8 44. d4 h6 45. Re5 Ra8 46. Qc6 Rc8 47. Qe4
Qd7 48. Re7 Qc6 49. d5 Qb5 50. Kg2 Rf8 51. Qe5 1-0

[Event "49th Capablanca Mem Open I 2014"]
[Site "Havana CUB"]
[Date "2014.05.12"]
[Round "5.39"]
[White "Rodriguez, Adrien"]
[Black "Della Morte, Pablo"]
[Result "1-0"]
[BlackTitle "IM"]
[WhiteElo "2184"]
[BlackElo "2386"]
[WhiteFideId "20691866"]
[BlackFideId "108448"]
[EventDate "2014.04.08"]

1. d4 Nf6 2. Nf3 e6 3. c4 Bb4+ 4. Bd2 c5 5. g3 Nc6 6. Bxb4 cxb4 7. Bg2 O-O 8.
O-O d6 9. Nbd2 Re8 10. e4 e5 11. d5 Nb8 12. Ne1 a5 13. Nd3 Na6 14. a3 bxa3 15.
Rxa3 Bg4 16. Bf3 Bxf3 17. Qxf3 Nb4 18. Re1 Nd7 19. Qe3 Qc7 20. Nb3 Nxd3 21. Qxd3
a4 22. Rea1 Nb6 23. Nd2 Rac8 24. b3 axb3 25. Rxb3 Nd7 26. Rba3 Rf8 27. Qb1 Rb8
28. Kg2 Nc5 29. Nb3 Nxb3 30. Qxb3 Qc5 31. Ra4 f5 32. exf5 b5 33. cxb5 Rxb5 34.
Qf3 Qxd5 35. Qxd5+ Rxd5 36. g4 h5 37. h3 Kh7 38. R1a3 Kh6 39. Kg3 Rd1 40. f4
exf4+ 41. Kxf4 g5+ 42. Kf3 Re8 43. Ra6 hxg4+ 44. hxg4 Kg7 45. Ra7+ Kf6 46. Rh7
Rc8 47. Re3 Rf1+ 48. Kg2 Rxf5 49. gxf5 Kxf5 50. Rf7+ Kg6 51. Rd7 Kh5 52. Rxd6
Rc2+ 53. Kg3 Ra2 54. Rd8 Rb2 55. Rg8 Ra2 56. Re5 Ra3+ 57. Kg2 Ra2+ 58. Kf3 Ra3+
59. Ke4 Ra4+ 60. Kf5 Rf4+ 61. Ke6 Rg4 62. Kf6 Rf4+ 63. Rf5 Kh4 64. Rxf4+ gxf4
65. Kf5 f3 66. Kf4 1-0

[Event "49th Capablanca Mem Open I 2014"]
[Site "Havana CUB"]
[Date "2014.05.12"]
[Round "5.40"]
[White "Lebredo Zaragoitia, Gerardo"]
[Black "Leon Valdes, Jony Wilson"]
[Result "1/2-1/2"]
[WhiteTitle "IM"]
[BlackTitle "FM"]
[WhiteElo "2211"]
[BlackElo "2306"]
[WhiteFideId "3500845"]
[BlackFideId "3506177"]
[EventDate "2014.04.08"]

1. d4 g6 2. e4 Bg7 3. Nc3 d6 4. Nf3 Bg4 5. Bc4 e6 6. Be3 Ne7 7. h3 Bxf3 8. Qxf3
O-O 9. h4 h6 10. O-O-O Nd7 11. h5 g5 12. Qg3 Nb6 13. Bb3 d5 14. f3 f5 15. Qe1
Qd7 16. g4 f4 17. Bf2 a5 18. a3 a4 19. Ba2 Nc6 20. Qf1 Kh8 21. Qd3 Rf6 22. e5
Rf7 23. Nb1 Na5 24. Qc3 Bf8 25. Nd2 Rg7 26. Rde1 Qb5 27. Rh2 Rc8 28. Bg1 c5 29.
dxc5 Bxc5 30. Bxc5 Rxc5 31. Qb4 Qc6 32. Nb1 Nac4 33. Bxc4 Nxc4 34. Nc3 Nb6 35.
Rd2 Kg8 36. Qd4 Nc4 37. Rd3 Rc7 38. Re2 Nxa3 39. bxa3 Rxc3 40. Rxc3 Qxc3 41.
Qxa4 Kf7 42. Qa8 Ke7 43. Qh8 Qxa3+ 44. Kd2 Qc3+ 45. Kd1 Rc4 46. Qf6+ Kd7 47.
Qf7+ Kc8 48. Qf8+ Kc7 49. Qd6+ Kc8 50. Qf8+ Kd7 51. Qd6+ Kc8 52. Qf8+ 1/2-1/2

[Event "49th Capablanca Mem Open I 2014"]
[Site "Havana CUB"]
[Date "2014.05.12"]
[Round "5.41"]
[White "Batista Suarez, Jeorling Yahytin"]
[Black "Vargas Rodriguez, Wilver"]
[Result "1-0"]
[WhiteTitle "FM"]
[WhiteElo "2305"]
[BlackElo "2247"]
[WhiteFideId "3504697"]
[BlackFideId "3509672"]
[EventDate "2014.04.08"]

1. e4 e6 2. d4 d5 3. e5 c5 4. c3 Nc6 5. Nf3 Qb6 6. a3 Nh6 7. b4 cxd4 8. cxd4 Nf5
9. Bb2 Be7 10. Bd3 Bd7 11. Bxf5 exf5 12. Nc3 Be6 13. h4 h5 14. O-O Qd8 15. Nb5
a6 16. Nd6+ Bxd6 17. exd6 f6 18. a4 Qxd6 19. Ba3 Qd7 20. Ne1 b6 21. Nd3 Kf7 22.
Re1 Rae8 23. Nf4 g5 24. hxg5 fxg5 25. Nd3 Kf6 26. Rc1 Bf7 27. b5 axb5 28. axb5
Na5 29. Ne5 Qb7 30. Bd6 Nc4 31. Nxc4 dxc4 32. Be5+ Kg6 33. Bxh8 Rxh8 34. Re5 Bd5
35. Qe2 Rh7 36. Rxc4 Bxc4 37. Qxc4 Rf7 38. Qe6+ Rf6 39. Qg8+ Qg7 40. Qd8 f4 41.
Re7 Qf8 42. Re8 Qf7 43. d5 f3 44. gxf3 h4 45. Re7 Qf8 46. Qc7 h3 47. Qc2+ Rf5
48. Qc6+ Rf6 49. d6 Kh6 50. Qe4 Rg6 51. d7 Qd8 52. Re6 Rxe6 53. Qxe6+ Kg7 54.
Qe8 Qc7 55. Qe7+ Kg6 56. Qe4+ Kf7 57. Qd5+ Ke7 58. d8=Q+ Qxd8 59. Qxg5+ Kd7 60.
Qxd8+ Kxd8 61. Kh2 Ke7 62. Kxh3 Kd6 63. f4 Kc5 64. f5 1-0

[Event "49th Capablanca Mem Open I 2014"]
[Site "Havana CUB"]
[Date "2014.05.12"]
[Round "5.43"]
[White "Vega Chirino, Lemay"]
[Black "Catala Matienzo, Ivette"]
[Result "*"]
[WhiteTitle "FM"]
[BlackTitle "WFM"]
[WhiteElo "2282"]
[BlackElo "2118"]
[WhiteFideId "3502252"]
[BlackFideId "3506819"]
[EventDate "2014.04.08"]

1. e4 c5 2. Nf3 e6 3. d4 cxd4 4. Nxd4 Nf6 5. Nc3 Nc6 6. Ndb5 d6 7. Bf4 e5 8. Bg5
a6 9. Na3 b5 10. Nd5 Be7 11. Bxf6 Bxf6 12. c3 Bg5 13. Nc2 O-O 14. Be2 f5 15.
exf5 Bxf5 16. Nce3 Bd7 17. O-O Kh8 18. Bd3 g6 19. Be4 Rb8 20. Qd3 Ne7 21. Rad1
Nf5 22. g3 Bh6 23. b3 a5 24. Nc2 Ng7 25. h4 Bg4 26. f3 Bf5 27. Nde3 Rb6 28. Ng4
Bxg4 29. fxg4 Ne6 30. g5 Bg7 31. Ne3 Nc5 32. Qd5 Qc8 33. Rxf8+ Bxf8 34. Bg2 Rb8
35. Qf7 Qd7 36. Rf1 Bg7 37. Qxd7 Nxd7 38. Rf7 Nc5 39. b4 axb4 40. cxb4 Nd3 41.
a3 e4 42. Bxe4 Re8 43. Bxd3 Rxe3 44. Bxb5 Rxg3+ 45. Kf1 Rxa3 46. Rd7 Bf8 47. Bc6
Ra6 48. b5 Rb6 49. Kg2 Rb8 50. Kf3 Bg7 51. b6 d5 52. Rxd5 Bc3 53. b7 Rf8+ 54.
Kg4 h5+ 55. gxh6 Kh7 56. Bd7 Rb8 57. Bc8 Kxh6 58. Rd6 Kg7 59. Kg5 Be1 60. Rxg6+
Kh7 61. Rd6 Bc3 62. Rd7+ Bg7 63. h5 Kh8 64. Kg6 Bf8 65. Rh7+ Kg8 66. Be6# *

[Event "49th Capablanca Mem Open I 2014"]
[Site "Havana CUB"]
[Date "2014.05.12"]
[Round "5.44"]
[White "Esquivel Golcher, Luis"]
[Black "Larduet Despaigne, Carlos"]
[Result "1-0"]
[WhiteTitle "FM"]
[BlackTitle "FM"]
[WhiteElo "2124"]
[BlackElo "2281"]
[WhiteFideId "6600174"]
[BlackFideId "3500780"]
[EventDate "2014.04.08"]

1. e4 d6 2. d4 Nf6 3. Nc3 g6 4. Bg5 Bg7 5. f4 O-O 6. e5 Nfd7 7. Bc4 Nb6 8. Bb3
c6 9. Nf3 Bg4 10. h3 Bxf3 11. Qxf3 a5 12. a4 Na6 13. h4 d5 14. h5 Qd7 15. hxg6
fxg6 16. g4 Rf7 17. O-O-O Nb4 18. Qh3 Bf8 19. Ne4 1-0

[Event "49th Capablanca Mem Open I 2014"]
[Site "Havana CUB"]
[Date "2014.05.12"]
[Round "5.47"]
[White "Forgas Moreno, Yaniela"]
[Black "Alvarez Ferreiro, Roberto"]
[Result "1-0"]
[WhiteTitle "WFM"]
[BlackTitle "FM"]
[WhiteElo "2158"]
[BlackElo "2382"]
[WhiteFideId "3508072"]
[BlackFideId "3503038"]
[EventDate "2014.04.08"]

1. e4 e5 2. Nf3 Nc6 3. Bc4 Nf6 4. d3 Be7 5. O-O d6 6. c3 O-O 7. Re1 Na5 8. Bb5
a6 9. Ba4 b5 10. Bc2 c5 11. Nbd2 Qc7 12. Nf1 Be6 13. h3 Nc6 14. Qe2 Rfe8 15. Ng3
d5 16. exd5 Bxd5 17. Nf5 Bf8 18. Ng5 Qd7 19. Ne3 Nd4 20. cxd4 exd4 21. Ne4 Bxe4
22. dxe4 dxe3 23. Qxe3 Nxe4 24. Bxe4 Rad8 25. Qf3 Qd4 26. Rb1 Re6 27. Re3 Qd1+
28. Kh2 Rf6 29. Qxd1 Rxd1 30. Rf3 Bd6+ 31. g3 Re6 32. Bc2 Rde1 33. Be3 Rxb1 34.
Bxb1 c4 35. Bf5 Re8 36. Bd7 Rd8 37. Bc6 Be5 38. b4 Bb2 39. Rf5 g6 40. Rd5 Rb8
41. Rd7 c3 42. Bd5 Rf8 43. Bb3 Kg7 44. Bc5 1-0

[Event "49th Capablanca Mem Open I 2014"]
[Site "Havana CUB"]
[Date "2014.05.12"]
[Round "5.48"]
[White "Madrigal, Mariano"]
[Black "Fernandez De La Vara, Arnaldo"]
[Result "1/2-1/2"]
[WhiteTitle "IM"]
[BlackTitle "FM"]
[WhiteElo "2190"]
[BlackElo "2312"]
[WhiteFideId "6100961"]
[BlackFideId "3518388"]
[EventDate "2014.04.08"]

1. Nf3 Nf6 2. c4 e6 3. g3 Be7 4. Bg2 O-O 5. O-O d5 6. b3 c5 7. Bb2 Re8 8. e3 Nc6
9. d4 dxc4 10. bxc4 cxd4 11. exd4 Rb8 12. Nc3 b6 13. Ne2 Ba6 14. Rc1 Rc8 15. Qa4
Na5 16. Ne5 Qd6 17. a3 Qc7 18. Bc3 Bd6 19. Bxa5 bxa5 20. Nc6 Qd7 21. Nc3 Kf8 22.
Nxa5 Qxa4 23. Nxa4 Bxa3 24. Rc2 Nd5 25. Ra1 Bb4 26. Nb2 Re7 27. Nb3 Bb7 28. Rxa7
Rec7 29. h3 Be7 30. Rd2 Ba8 1/2-1/2